| 000 | 00648nam a2200121Ia 4500 | ||
|---|---|---|---|
| 008 | 220615s9999||||xx |||||||||||||| ||und|| | ||
| 100 | _aLonkila, Markku | ||
| 245 | 0 | _aNetworks in the Russian Market Economy | |
| 546 | _aEnglish[eng] | ||
| 650 | _arussia||rusland||it industry||business practices||ict industrie||markt economie||cultuur van zaken doen||market economy||Blat (favors)||Saint Petersburg||Soviet Union | ||
| 856 | _uhttps://library.oapen.org/bitstream/20.500.12657/34605/1/392746.pdf||https://library.oapen.org/bitstream/20.500.12657/34605/1/392746.pdf||https://library.oapen.org/bitstream/20.500.12657/34605/1/392746.pdf | ||
| 942 | _cEB | ||
| 999 |
_c10934 _d10934 |
||